Quantum field theory (Record no. 16633)

MARC details
000 -LEADER
fixed length control field 00638nam a2200193Ia 4500
003 - CONTROL NUMBER IDENTIFIER
control field IN-BaIIA
008 - FIXED-LENGTH DATA ELEMENTS--GENERAL INFORMATION
fixed length control field 211028s9999 xx 000 0 eng d
020 ## - INTERNATIONAL STANDARD BOOK NUMBER
International Standard Book Number 81-88689-79-3
040 ## - CATALOGING SOURCE
Transcribing agency IIA Library
080 ## - UNIVERSAL DECIMAL CLASSIFICATION NUMBER
Universal Decimal Classification number 530.145
Item number ATK-2
100 ## - MAIN ENTRY--PERSONAL NAME
Personal name Atkinson, David
9 (RLIN) 30997
245 #0 - TITLE STATEMENT
Title Quantum field theory
Remainder of title vol. 2, a self-contained course
Statement of responsibility, etc. David Atkinson and Porter Wear Johnson
260 ## - PUBLICATION, DISTRIBUTION, ETC.
Place of publication, distribution, etc. New Delhi
Name of publisher, distributor, etc. Overseas Press
Date of publication, distribution, etc. 2007
300 ## - PHYSICAL DESCRIPTION
Extent 207p.
650 ## - SUBJECT ADDED ENTRY--TOPICAL TERM
Topical term or geographic name entry element Quantum field theory
9 (RLIN) 6197
650 ## - SUBJECT ADDED ENTRY--TOPICAL TERM
Topical term or geographic name entry element Quantum mechanics-Exercises
9 (RLIN) 30998
700 ## - ADDED ENTRY--PERSONAL NAME
Personal name Johnson, Porter Wear
9 (RLIN) 30999
942 ## - ADDED ENTRY ELEMENTS (KOHA)
Koha item type Books
Holdings
Withdrawn status Lost status Damaged status Not for loan Home library Current library Shelving location Date acquired Source of acquisition Cost, normal purchase price Total Checkouts Full call number Barcode Date last seen Cost, replacement price Price effective from Koha item type Purchase Price
        IIA Library-Bangalore IIA Library-Bangalore General Stacks 14/09/2007 EDS 223.75   530.145/ ATK-2 17555 05/11/2021 223.75 14/09/2007 Books Rs. 223.75

Powered by Koha